000
00266nam a2200109Ia 4500
008
231212s1986 xx 000 0 und d
041
_a
eng
082
_a
660.283
100
_a
Sams H.W.
245
_a
Instrumentation Training course
260
_a
Boston
_b
Gulf Pu
_c
1986
999
_c
959776
_d
959776